00739cam9a220021700 4500001001200000003000500012005001700017008004100034035001900075035002200094040000900116100007700125245003600202260003100238500002900269500011100298650002600409650004900435650003100484004000600515tmp15374582UPRA20190819100813.0950801s1961 nyu eng u a(Sirsi) r86998 a(UPRA)tmp15374582 cUPRA1 aWheland, George Willard, 1907-dWheland, George Willard, 1907-6A46397.110aResonance in organic chemistry. aNew York :bWiley,c[1961] aFirst published in 1955. aA revision and expansion of the author's The theory of resonance and its application to organic chemistry. 0aMesomerism.6S35754.1 0aChemistry, Physical and theoretical.6S517.1 0aChemistry, Organic.6S95.286998